[Event "CRO-chT4A Center"]
[Site "Zagreb"]
[Date "2010.10.17"]
[Round "8.55"]
[White "Cvetkovic, Ivan"]
[Black "Mitrovic, Dragan"]
[Result "1-0"]
[WhiteElo "2033"]
[BlackElo "1945"]
[PlyCount "55"]
[EventDate "2010.03.21"]
[EventType "team-tourn"]
[EventRounds "11"]
[EventCountry "CRO"]
[SourceTitle "EXT 2012"]
[Source "ChessBase"]
[SourceDate "2011.11.24"]
[SourceVersion "1"]
[SourceVersionDate "2011.11.24"]
[SourceQuality "1"]

1. d4 d5 2. Nf3 Nf6 3. Bf4 e6 4. e3 Bd6 5. Ne5 0-0 6. Nd2 Re8 7. Bd3 Nbd7 8. g4 Nf8 9. Qf3 Bxe5 10. dxe5 N6d7 11. Qh3 c5 12. c3 Qb6 13. 0-0-0 d4 14. Nc4 Qc7 15. Nd6 Re7 16. c4 a6 17. Qh4 Nb6 18. Bg5 f6 19. exf6 gxf6 20. Bxf6 Qxd6 21. Bxe7 Qe5 22. Bf6 Qd6 23. Qh6 Kf7 24. exd4 Bd7 25. g5 cxd4 26. Bxh7 e5 27. Bg8+ Ke8 28. Qh5+ 1-0

[Event "Velika Gorica op 4th"]
[Site "Velika Gorica"]
[Date "2004.08.21"]
[Round "1"]
[White "Mitrovic, Dragan"]
[Black "Brumen, Dinko"]
[Result "0-1"]
[WhiteElo "2045"]
[BlackElo "2385"]
[PlyCount "104"]
[EventDate "2004.08.21"]
[EventType "swiss"]
[EventRounds "9"]
[EventCountry "CRO"]
[SourceTitle "EXT 2005"]
[Source "ChessBase"]
[SourceDate "2004.11.15"]
[SourceVersion "1"]
[SourceVersionDate "2004.11.15"]
[SourceQuality "1"]

1. e4 c5 2. Nf3 Nc6 3. d4 cxd4 4. Nxd4 e5 5. Nb3 Nf6 6. Nc3 d6 7. Bc4 Be7 8. 0-0 0-0 9. Be3 Be6 10. Bd5 Bxd5 11. exd5 Nb8 12. Qd2 Ng4 13. f4 Nxe3 14. Qxe3 Nd7 15. f5 Nb6 16. Qd3 Qc7 17. Ne4 Qc4 18. Rfd1 Rfc8 19. c3 a5 20. Rac1 a4 21. Na1 Qxd3 22. Rxd3 Ra5 23. c4 Rxd5 24. Rxd5 Nxd5 25. b3 Ne3 26. Nc2 Nxf5 27. Nb4 Nd4 28. Rb1 f5 29. Nc3 axb3 30. axb3 Ra8 31. Nbd5 Bf8 32. Kf2 g5 33. Ke3 Kf7 34. g3 Kg6 35. Kd3 Bg7 36. Nb5 e4+ 37. Ke3 Nxb5 38. cxb5 Ra5 39. Nc7 Ra2 40. g4 fxg4 41. Kxe4 Rxh2 42. Rd1 Be5 43. Ne8 Re2+ 44. Kd5 Rb2 45. Nxd6 Bxd6 46. Kxd6 Rxb3 47. Kc5 g3 48. Rg1 h5 49. Kb6 h4 50. Kxb7 Rxb5+ 51. Kc6 Rb2 52. Kc5 g2 0-1